000 00940nam a2200205 a 4500
001 000023922
005 20200930022555.0
008 110117s1970 mx 000 0 spa d
040 _aDO-SdBNP
_bspa
_cBNPHU
041 1 7 _aspa
_heng
_2Código de idiomas MARC
082 _ann*
_bnn*
100 1 _aNowak, Norman D.
_949221
240 1 0 _aTax administration in theory and practice, with special reference to Chile.
_lEspañol
245 1 0 _aTeoría y práctica de la administración fiscal :
_bproyecto de modernización del servicio de impuestos de Chile /
_cNorman D. Nowak ; traducción Mauricio Kitaigorodzki.
260 _aMéxico, D. F. :
_bCentro Regional de Ayuda Técnica. Agencia para el Desarrollo Internacional,
_c1970.
300 _a230 p. ;
_c23 cm.
534 _a[Título en inglés] :
_tTax administration in theory and practice, with special reference to Chile
700 1 _aKitaigorodzki, Mauricio,
_etr.
_947973
049 _aBNGR
999 _c23418
_d23418